Datum a čas kvízu
26
Celkem bodů
Celkový počet nahraných bodů na tomto kvízu bez doplňovacích otázek.
5.
Pořadí na kvízu
Konečné umístění týmu na tomto kvízu.
Zaznamenané odpovědi
| # | Otázka | Odpověď | Body | Výsledky |
|---|---|---|---|---|
| 1. | Jistá česká organizace působíc... | Člověk v tísni | 1 | |
| 2. | Nejstarší podzemní dráha na sv... | po Alžbětě II. | 0 | |
| 3. | Uveďte název komedie režiséra... | Tři tygři ve filmu: JACKPOT | 0 | |
| 4. | Raketa Falcon 9 společnosti Sp... | Hurvínek | 0 | |
| 5. | Pořadatelé mistrovství světa v... | barvy byly popsány slovně | 1 | |
| 6. | Téma námořních katastrof snad... | v dubnu 1912 | 0.5 | |
| 7. | Toto námořní neštěstí si možná... | Kursk, Barentsovo moře | 0.5 | |
| 8. | Nyní zavítáme do trochu vzdále... | Vasa | 0 | |
| 9. | Americká velrybářská loď Essex... | Herman Melville, Bílá velryba (Moby-Dick) | 0.5 | |
| 10. | Vyberte, které z následujících... | A | 1 |